000 00568cam a22002053a 4500
001 42768
003 PGUSA
005 20140828083952.0
008 130522s2013||||xxu|||||s|||||000 | eng d
040 _aPGUSA
_beng
042 _adc
100 1 _aWebster, Jean,
_d1876-1916
245 1 0 _aMuch Ado About Peter
_h[electronic resource] /
_cJean Webster
260 _bProject Gutenberg,
_c2013
506 _aPublic domain in the USA.
516 _aElectronic text
830 0 _aProject Gutenberg
_v42768
856 4 0 _uhttp://www.gutenberg.org/ebooks/42768
942 _cEB
999 _c272020
_d272020